Visualizzazione normale
Vista MARC
- Anonimo
di Personal Name
Records bibliografici associati: 1
001 - CONTROL NUMBER
- control field: 10695
003 - CONTROL NUMBER IDENTIFIER
- control field: IT-RoPau
005 - DATE AND TIME OF LATEST TRANSACTION
- control field: 20140126150648.0
008 - FIXED-LENGTH DATA ELEMENTS
- fixed length control field: 140126|| aca||aabn | a|a d
040 ## - CATALOGING SOURCE
- Original cataloging agency: IT-RoPau
- Transcribing agency: IT-RoPau
100 ## - HEADING--PERSONAL NAME
- Personal name: Anonimo
- Dates associated with a name: Codice autore musica SPICS: 2620
- Relator term: Autore musica
- Name of part/section of a work: Viva Torino - La poulajera-La va al mercà - La monferrina-Maria Catlina - Vinassa - Maria Gioana - La villanella
670 ## - SOURCE DATA FOUND
- Source citation: Work cat.: (IT-RoPau)100104: AA.VV. 794, Sota i pont del Po